Statistics for Acronyms All Around the World Quiz

Click here to take the quiz!

General Stats

  • This quiz has been taken 244 times
  • The average score is 50 of 72

Answer Stats

HintAnswer% Correct
AAmerica
100%
II
100%
II (one)
100%
SStates (of)
100%
UUnited
100%
Iin
99%
AAngeles
98%
JJohn
98%
LLos
98%
CChicken
97%
FFried
97%
KKennedy
97%
KKentucky
97%
Kknow
96%
RRest
96%
Ddon't
95%
LLaughing
95%
PPeace
95%
LLoud
94%
OOut
94%
WWorld
93%
WWar
92%
S.Soviet
91%
LLeague
90%
BBaseball
89%
MMachine
88%
Aas
87%
CCentral
87%
AAgency
86%
IIntelligence
86%
Kknown
85%
MMajor
85%
Aalso
84%
AAutomatic
82%
SSouth
79%
NNew
78%
WWales
76%
S.Socialist
71%
U.Union (of)
71%
TTeller
70%
EEnglish
69%
AAnno
66%
DDomini
66%
OOxford
65%
DDictionary
64%
R.Republics
63%
Ssyndrome
62%
FFitzgerald
61%
MMotoren
61%
Iimmune
60%
SSpecial
59%
GGrand
58%
PParty
57%
OOld
52%
Ddeficiency
50%
WWeapons
46%
WWerke
42%
BBayerische
41%
TTrain (à)
39%
AAnd
38%
TTactics
37%
AAcquired
31%
F.Federal
28%
GGrande
22%
VVitesse
19%
QQue
18%
D.Distrito
17%
RRomanus
17%
SSenatus
17%
PPopulus
16%
g.gratia
14%
e.exempli
12%

Score Distribution

Percentile by Number Answered

Percent of People with Each Score

Your Score History

You have not taken this quiz